Η ψυχολογία της νοημοσύνης

Αποθηκεύτηκε σε:
Λεπτομέρειες βιβλιογραφικής εγγραφής
Κύριος συγγραφέας: Piaget, Jean, 1896-1980
Μορφή: Βιβλίο
Γλώσσα:Greek
French
Δημοσίευση: Αθήνα : Καστανιώτης, 1986-1988.
Θέματα:
Ετικέτες: Προσθήκη ετικέτας
Δεν υπάρχουν, Καταχωρήστε ετικέτα πρώτοι!

MARC

LEADER 00000cam a2200000 i 4500
001 1/78117
008 950509s19861988gr | ||| |||| ||gre||
020 |a 9600301379 
035 |a 1988  |b 2  |c Αγορά/Καϊλα  |l 10032841 
035 |a 1996  |b 3  |c Καλαβάσης 
035 |a 1989  |b 2  |c Δωρεά 
040 |a GR-MyUa  |b gre  |e AACR2 
041 1 |a gre  |h fre 
082 7 |a 155.413   |2 (22) 
100 1 |a Piaget, Jean,   |d 1896-1980. 
245 1 2 |a Η ψυχολογία της νοημοσύνης /   |c Ζαν Πιαζέ. 
260 |a Αθήνα :   |b Καστανιώτης,   |c 1986-1988. 
300 |a 201 σ. ;   |c 21 εκ/ 
650 0 |a Cognition in children. 
650 0 |a Child psychology. 
650 0 |a Intellect. 
765 0 8 |i Μετάφραση του:   |t La psychologie de l'intelligence /  
852 |a INST  |b CHIOS  |e 19950509  |h 155.413 PIA  |p 005200006638  |q 005200006638  |t BK  |y 0 
852 |a INST  |b RHODES  |e 19960506  |h 155.413 PIA  |p 005400003700  |q 005400003700  |t BK  |y 0 
852 |a INST  |b RHODES  |e 19960528  |h 155.413 PIA  |p 005400003749  |q 005400003749  |t BK  |y 0 
852 |a INST  |b RHODES  |e 19980904  |h 155.413 PIA  |p 005400006834  |q 005400006834  |t BK  |y 0